00251nam a2200121Ia 45000030006000000080041000060400015000471000016000622450013000782600009000915460012001000050017001120STCL150530s9999 xx 000 0 und d aSTCLcSTCL aHerman Wouk aCity boy c1964 aEnglish20220125171348.0